000 00433nam a2200181Ia 4500
001 24453
005 20260414151044.0
008 260414t2008||||xx |||||||||||||| ||spa||
041 _aESP
082 _a345.7
_bQ41
100 _aQuintero, Beatriz
_eAUT
245 0 _aTeoría general del derecho procesal
_b
260 _c2008
300 _a672 páginas :
_c24 cm.
650 _aDER
654 _aCDE
942 _cLIB
_dJUS
_fJUS
_2ddc
_n
999 _c24453
_d24453